Kraje Europy 1939 - Statystyki

Ogólne statystyki
  • Ten quiz został rozwiązany 2 515 razy
  • Średni wynik to 20 z 26
Statystyki odpowiedzi
Europa Odpowiedź % Poprawnych
1 Polska
96%
2 Niemcy
95%
12 Francja
88%
13 Hiszpania
85%
15 Wielka Brytania
85%
19 Norwegia
83%
18 Szwecja
83%
20 Finlandia
82%
14 Portugalia
82%
8 Jugosławia
81%
4 ZSRR
81%
11 Włochy
80%
10 Grecja
78%
17 Dania
77%
25 Belgia
76%
7 Rumunia
76%
26 Holandia
75%
6 Węgry
75%
5 Czechosłowacja
74%
3 Litwa
74%
21 Łotwa
73%
22 Estonia
72%
23 Szwajcaria
71%
9 Bułgaria
70%
16 Irlandia
68%
24 Lukesmburg
4%
Nie znaleziono quizów pasujących do podanych kryteriów
Rozkład punktacji
Procent ludzi z każdym wynikiem
Percentyl według liczby udzielonych odpowiedzi
Twoja historia wyników
Nie rozwiązałeś tego quizu